Ministres de l'Intérieur français - Statistiques

Statistiques générales
  • Ce quiz a été pris 129 fois
  • Le résultat moyen est 16 sur 35
Statistiques - réponses
Date Réponse % Correct
2020-2024 Gérald Darmanin
93%
2005-2007 Nicolas Sarkozy
92%
2002-2004 Nicolas Sarkozy
92%
2012-2014 Manuel Valls
87%
2024-2025 Bruno Retailleau
85%
2014-2016 Bernard Cazeneuve
82%
2025- Laurent Nunez
81%
2018-2020 Christophe Castaner
76%
2017-2018 Gérard Collomb
65%
1974 Jacques Chirac
63%
1993-1995 Charles Pasqua
61%
1986-1988 Charles Pasqua
61%
2004-2005 Dominique de Villepin
57%
1995-1997 Jean-Louis Debré
55%
2018 (intérim) Edouard Philippe
52%
2009-2011 Brice Hortefeux
51%
2007-2009 Michèle Alliot-Marie
45%
2011-2012 Claude Guéant
39%
2007 François Baroin
34%
1997-2000 Jean-Pierre Chevènement
33%
2016-2017 Bruno Le Roux
29%
1988-1991 Pierre Joxe
26%
1984-1986 Pierre Joxe
26%
2017 Matthias Fekl
25%
1981-1984 Gaston Defferre
24%
2000-2002 Daniel Vaillant
20%
1974-1977 Michel Poniatowski
18%
1968-1974 Raymond Marcellin
14%
1961-1967 Roger Frey
14%
1992-1993 Paul Quilès
11%
1991-1992 Philippe Marchand
11%
1977-1981 Christian Bonnet
10%
1967-1968 Christian Fouchet
10%
1959 Jean Berthoin
8%
1959-1961 Pierre Chatenet
4%
Aucun quiz correspondant
Distribution des résultats
% des personnes avec chaque résultat
Percentile par nombre de réponses
Votre historique - résultats
Vous n’avez pas pris ce quiz